| 000 | 00509nam a2200169Ia 4500 | ||
|---|---|---|---|
| 003 | OSt | ||
| 005 | 20200626151240.0 | ||
| 008 | 190216s9999||||xx |||||||||||||| ||und|| | ||
| 040 | _coclc | ||
| 082 |
_a954.83 _bGAN/E |
||
| 100 |
_aGangadharan, T K _91824 |
||
| 245 | 0 |
_aEvolution Of Kerala History & Culture / _cT K Gangadharan |
|
| 260 |
_bCalicut University Central Co-Operative, _aCalicut: |
||
| 300 | _a380p | ||
| 650 | _aHistory | ||
| 942 |
_cBK _2ddc _h954.83 _iGAN/E _k954.83 _mGAN/E |
||
| 999 |
_c21337 _d21337 |
||